LEADER 01263nam0 22002771i 450 001 UON00290518 005 20231205103919.432 100 $a20070321d1979 |0itac50 ba 101 $ager 102 $aDE 105 $a|||| 1|||| 200 1 $aLiteratur der Deutschen Demokratischen Republik$eEinzeldarstellungen. 2. / von einem Autorenkollektiv unter Leitung von Hans Jürgen Geerdts und Mitarbeit von Heinz Neugebauer 210 $aBerlin$cVolk und Wissen - Volkseigener Verlag$d1979 215 $a623 p., [8] c. di tav.$d19 cm. 606 $aLetteratura Tedesca$xStudi$3UONC062204$2FI 620 $aDE$dBerlin$3UONL003157 676 $a830.09$cLetteratura tedesca. Storia, descrizione, studi critici$v21 700 1$aGEERDTS$bHans Jürgen$3UONV112430$0458271 701 1$aNEUGEBAUER$bHeinz$3UONV167485$0456435 712 $aVolk und Wissen Volkseigener$3UONV268884$4650 801 $aIT$bSOL$c20250523$gRICA 899 $aSIBA - SISTEMA BIBLIOTECARIO DI ATENEO$2UONSI 912 $aUON00290518 950 $aSIBA - SISTEMA BIBLIOTECARIO DI ATENEO$dSI TED 26 II C GEE $eSI LO 22016 5 996 $aLiteratur der Deutschen Demokratischen Republik$91248248 997 $aUNIOR